000 006340000a22001930004500
999 _c54053
_d54053
001 768714001
003 CO-MdFUSB
005 20170810160612.0
008 170810s1999 xxu||||| |||| 00| 0 eng d
022 _a0098-9444
040 _aCO-MdFUSB
_bspa
_cCO-MdFUSB
_dCO-MdFUSB
041 _aeng
100 1 _aKochavi, Moshe
_eautor
245 1 0 _aTripartite buildings :
_bdivided structures, divide scholars
300 _aVolumen 25. Número 3 (1999), Páginas 44-50
_c28 cm.
546 _aTexto en inglés
773 0 _tBiblical Archaeology Review
_049395
_959479
_gVolumen 25. Número 3 (1999), Páginas 44-50
_qPágina 44
942 _cANA